MyGZULibrary

A practical guide for medical teachers / (Record no. 11322)

MARC details
000 -LEADER
fixed length control field 01123cam a2200349 i 4500
001 - CONTROL NUMBER
control field 19869391
003 - CONTROL NUMBER IDENTIFIER
control field GZU
005 - DATE AND TIME OF LATEST TRANSACTION
control field 20240521143825.0
008 - FIXED-LENGTH DATA ELEMENTS--GENERAL INFORMATION
fixed length control field 170808s2017 stkab b 001 0 eng
010 ## - LIBRARY OF CONGRESS CONTROL NUMBER
LC control number 2017302068
020 ## - INTERNATIONAL STANDARD BOOK NUMBER
International Standard Book Number 9780702068911 (pbk)
022 ## - INTERNATIONAL STANDARD SERIAL NUMBER
International Standard Serial Number .
040 ## - CATALOGING SOURCE
Original cataloging agency DLC
Language of cataloging eng
Description conventions rda
Transcribing agency DLC
042 ## - AUTHENTICATION CODE
Authentication code pcc
050 00 - LIBRARY OF CONGRESS CALL NUMBER
Classification number R735
Item number .PRA 2017
245 02 - TITLE STATEMENT
Title A practical guide for medical teachers /
Statement of responsibility, etc. edited by John A. Dent, Ronald M. Harden, Dan Hunt; foreword by Brian D. Hodges
250 ## - EDITION STATEMENT
Edition statement Fifth edition.
264 #1 - PRODUCTION, PUBLICATION, DISTRIBUTION, MANUFACTURE, AND COPYRIGHT NOTICE
Place of production, publication, distribution, manufacture Edinburgh ;
-- New York :
Name of producer, publisher, distributor, manufacturer Elsevier,
Date of production, publication, distribution, manufacture, or copyright notice 2017.
300 ## - PHYSICAL DESCRIPTION
Extent xvii, 405 pages :
Other physical details illustrations, maps ;
Dimensions 25 cm
336 ## - CONTENT TYPE
Content type term text
Content type code txt
Source rdacontent
337 ## - MEDIA TYPE
Media type term unmediated
Media type code n
Source rdamedia
338 ## - CARRIER TYPE
Carrier type term volume
Carrier type code nc
Source rdacarrier
504 ## - BIBLIOGRAPHY, ETC. NOTE
Bibliography, etc. note Includes bibliographical references and index.
505 ## - FORMATTED CONTENTS NOTE
Formatted contents note .
520 ## - SUMMARY, ETC.
Summary, etc. .
700 1# - ADDED ENTRY--PERSONAL NAME
Personal name Dent, John A.,
Relator term editor.
700 1# - ADDED ENTRY--PERSONAL NAME
Personal name Harden, Ronald M.,
Relator term editor.
700 1# - ADDED ENTRY--PERSONAL NAME
Personal name Hunt, Dan,
Relator term editor.
700 1# - ADDED ENTRY--PERSONAL NAME
Personal name Hodges, Brian D.,
Relator term editor.
906 ## - LOCAL DATA ELEMENT F, LDF (RLIN)
a 7
b cbc
c orignew
d 2
e ncip
f 20
g y-gencatlg
942 ## - ADDED ENTRY ELEMENTS (KOHA)
Source of classification or shelving scheme Library of Congress Classification
Koha item type Books
Edition Fifth edition
Classification part 735
Item part PRA
Call number prefix R
Holdings
Withdrawn status Lost status Source of classification or shelving scheme Damaged status Not for loan Collection code Home library Current library Shelving location Date acquired Source of acquisition Total Checkouts Full call number Barcode Date last seen Copy number Price effective from Koha item type
    Library of Congress Classification     Non-fiction Medical Library Medical Library Fiction 05/21/2024 Book Aid International   R735 PRA 2017 033388 05/21/2024 c. 1 05/21/2024 Books